[Event "WY U-16 Chess Olympiad 2019"]
[Site "Corum"]
[Date "2019.10.29"]
[Round "1"]
[White "Tantipura, Noppakorn"]
[Black "Borhy, Marcell"]
[Result "1-0"]
[WhiteElo "1851"]
[BlackElo "2321"]
[Annotator "ChessBase"]
[PlyCount "84"]
[EventDate "2019.10.28"]
[EventType "team-tourn"]
[EventCountry "TUR"]
[SourceTitle "playchess.com"]
[Source "ChessBase"]
[SourceQuality "1"]

1. Nf3 Nf6 2. d4 d5 3. c4 dxc4 4. e3 a6 5. Bxc4 e6 6. O-O Nbd7 7. Qe2 b5 8. Bd3 c5 9. a4 c4 10. Bc2 Bb7 11. e4 Be7 12. Nbd2 Qc7 13. e5 Nd5 14. Ne4 h6 15. axb5 axb5 16. Bd2 O-O 17. Ng3 Nb4 18. Rxa8 Rxa8 19. Bb1 Kf8 20. Nh5 Qc6 21. Bxb4 Bxb4 22. Qc2 g6 23. Nf4 Nb6 24. Nxg6+ fxg6 25. Qxg6 Ke7 26. Qg7+ Kd8 27. Qxh6 Kd7 28. Rd1 Qd5 29. h4 Rf8 30. Qe3 Na4 31. h5 Nxb2 32. Rf1 Rg8 33. Kh2 c3 34. h6 Nc4 35. Qd3 Kc8 36. h7 Rh8 37. Qg6 Nd2 38. Qg8+ Qd8 39. Qxe6+ Kb8 40. Nxd2 cxd2 41. Qf6 Qxf6 42. exf6 Bd5 1-0

[Event "WY U-16 Chess Olympiad 2019"]
[Site "Corum"]
[Date "2019.10.29"]
[Round "1"]
[White "Kenbeilov, Timur"]
[Black "Avila Pavas, Santiago"]
[Result "0-1"]
[WhiteElo "1844"]
[BlackElo "2406"]
[Annotator "ChessBase"]
[PlyCount "64"]
[EventDate "2019.10.28"]
[EventType "team-tourn"]
[EventCountry "TUR"]
[SourceTitle "playchess.com"]
[Source "ChessBase"]
[SourceQuality "1"]

1. d4 Nf6 2. c4 c5 3. Nf3 cxd4 4. Nxd4 b6 5. Nc3 Bb7 6. f3 d6 7. e4 e6 8. Be3 Be7 9. Be2 Nbd7 10. O-O O-O 11. b4 d5 12. Qb1 e5 13. cxd5 exd4 14. Bxd4 Re8 15. Qb3 Bd6 16. Nb5 Bb8 17. Rac1 a6 18. Na3 Bxd5 19. Qd3 Bb7 20. Rfd1 Bf4 21. Rc3 Qe7 22. Nc4 Ne5 23. Qb1 Nxc4 24. Bxc4 Rac8 25. b5 axb5 26. Qxb5 Red8 27. Qxb6 Be5 28. Rcc1 Rd6 29. Qb4 Qd7 30. Bd5 Nxd5 31. Rxc8+ Bxc8 32. Qc5 Nf4 0-1

[Event "WY U-16 Chess Olympiad 2019"]
[Site "Corum"]
[Date "2019.10.29"]
[Round "1"]
[White "Kwong, Wing Ki"]
[Black "Tarlabasi, Emirhan"]
[Result "0-1"]
[WhiteElo "1822"]
[BlackElo "2365"]
[Annotator "RC"]
[PlyCount "70"]
[EventDate "2019.10.28"]
[EventType "team-tourn"]
[EventCountry "TUR"]
[SourceTitle "playchess.com"]
[Source "ChessBase"]
[SourceQuality "1"]

1. d4 d5 2. c4 e6 3. Nc3 Be7 4. cxd5 exd5 5. Qc2 Nf6 6. Nf3 c6 7. Bg5 Na6 8. a3 Nc7 9. e3 Ne6 10. Bh4 g6 11. Be2 Ng7 12. O-O Bf5 13. Bd3 O-O 14. b4 Rc8 15. Rfc1 b6 16. Ne5 c5 17. b5 cxd4 18. exd4 Bxd3 19. Qxd3 Nf5 20. Bxf6 Bxf6 21. Nc6 Qd6 22. Ne2 a5 23. a4 Rfe8 24. Ng3 Ne7 25. Nxe7+ Bxe7 26. Rc2 Rxc2 27. Qxc2 Bf6 28. Qc3 Qb4 29. Qxb4 axb4 30. Kf1 Bxd4 31. Rd1 Bc3 32. Ne2 d4 33. Nxd4 Rd8 34. a5 bxa5 35. b6 Rxd4 0-1

[Event "WY U-16 Chess Olympiad 2019"]
[Site "Corum"]
[Date "2019.10.29"]
[Round "1"]
[White "Briem, Benedikt"]
[Black "Malovanyi, Yulian"]
[Result "0-1"]
[WhiteElo "1816"]
[BlackElo "2351"]
[Annotator "TA"]
[PlyCount "62"]
[EventDate "2019.10.28"]
[EventType "team-tourn"]
[EventCountry "TUR"]
[SourceTitle "playchess.com"]
[Source "ChessBase"]
[SourceQuality "1"]

1. d4 Nf6 2. c4 g6 3. Nc3 Bg7 4. e4 d6 5. Be2 O-O 6. Nf3 c5 7. d5 e6 8. h3 Re8 9. O-O Na6 10. Be3 Nc7 11. Qd2 exd5 12. exd5 a6 13. a4 Rb8 14. Rfe1 b5 15. axb5 axb5 16. cxb5 Bd7 17. Ra7 Bxb5 18. Bxb5 Nxb5 19. Nxb5 Rxb5 20. Ng5 Rf8 21. Bf4 Nh5 22. g4 Rxb2 23. Qc1 Nxf4 24. Qxf4 Be5 25. Rxe5 dxe5 26. Qxe5 Qb8 27. Rc7 Rb1+ 28. Kg2 Re1 29. Qd6 Qd8 30. Qxd8 Rxd8 31. Rxc5 h6 0-1

[Event "WY U-16 Chess Olympiad 2019"]
[Site "Corum"]
[Date "2019.10.29"]
[Round "1"]
[White "Cheah, Kah Hoe"]
[Black "Tsaruk, Maksim"]
[Result "1/2-1/2"]
[WhiteElo "1815"]
[BlackElo "2230"]
[Annotator "ChessBase"]
[PlyCount "99"]
[EventDate "2019.10.28"]
[EventType "team-tourn"]
[EventCountry "TUR"]
[SourceTitle "playchess.com"]
[Source "ChessBase"]
[SourceQuality "1"]

1. d4 Nf6 2. Nf3 b6 3. Bg5 e6 4. e4 h6 5. Bxf6 Qxf6 6. Bd3 Bb7 7. Nbd2 g6 8. c3 Bg7 9. Qe2 Qe7 10. O-O O-O 11. Ne1 e5 12. dxe5 Qxe5 13. f4 Qe7 14. Nc2 d6 15. Rae1 Nd7 16. Ba6 Bxa6 17. Qxa6 Nc5 18. Qe2 Rae8 19. Nb4 Qd7 20. Nd3 Nxe4 21. Nxe4 d5 22. Ne5 Bxe5 23. fxe5 dxe4 24. Qxe4 Re6 25. Rf6 Rfe8 26. Qf4 Rxf6 27. Qxf6 Re6 28. Qf4 Kg7 29. Qd4 Qxd4+ 30. cxd4 Rc6 31. Kf2 Rc2+ 32. Re2 Rc1 33. Ke3 c6 34. Ke4 Kf8 35. h4 Ke7 36. Rf2 Re1+ 37. Kd3 Rd1+ 38. Ke4 Re1+ 39. Kd3 c5 40. dxc5 bxc5 41. Rf6 a5 42. Ra6 Rxe5 43. g4 Rd5+ 44. Kc3 Rd4 45. Rxa5 Kd6 46. Ra7 Rxg4 47. Rxf7 Kd5 48. h5 Rg3+ 49. Kc2 gxh5 50. Rf5+ 1/2-1/2

[Event "WY U-16 Chess Olympiad 2019"]
[Site "Corum"]
[Date "2019.10.29"]
[Round "1"]
[White "Amin-Erdene Burmaa"]
[Black "Beydullayeva, Govhar"]
[Result "0-1"]
[WhiteElo "1793"]
[BlackElo "2289"]
[Annotator "ChessBase"]
[PlyCount "76"]
[EventDate "2019.10.28"]
[EventType "team-tourn"]
[EventCountry "TUR"]
[SourceTitle "playchess.com"]
[Source "ChessBase"]
[SourceQuality "1"]

1. e4 c5 2. Nf3 d6 3. d4 cxd4 4. Nxd4 Nf6 5. Nc3 a6 6. Be3 e5 7. Nb3 Be6 8. f3 Be7 9. Qd2 O-O 10. O-O-O Nbd7 11. g4 b5 12. g5 Nh5 13. Nd5 Bxd5 14. exd5 f5 15. gxf6 Rxf6 16. Kb1 Qe8 17. Rg1 Bd8 18. Bh3 Nf8 19. Qc3 Ng6 20. Be6+ Kh8 21. Nd2 Nhf4 22. Ne4 Ne2 23. Qd2 Nxg1 24. Nxf6 Bxf6 25. Rxg1 Nh4 26. Rg3 Qh5 27. Bg4 Qf7 28. Qd3 Rf8 29. a4 bxa4 30. Be6 Qb7 31. Qe4 Rb8 32. Bc1 Qb5 33. Rg4 a3 34. b3 Qf1 35. Qa4 Nxf3 36. Qxa3 e4 37. Ka2 Qe2 38. Kb1 Nd4 0-1

[Event "WY U-16 Chess Olympiad 2019"]
[Site "Corum"]
[Date "2019.10.29"]
[Round "1"]
[White "Annageldiyev, Azatgeldi"]
[Black "Avalyan, Artur"]
[Result "1-0"]
[WhiteElo "1790"]
[BlackElo "2395"]
[Annotator "ChessBase"]
[PlyCount "183"]
[EventDate "2019.10.28"]
[EventType "team-tourn"]
[EventCountry "TUR"]
[SourceTitle "playchess.com"]
[Source "ChessBase"]
[SourceQuality "1"]

1. Nf3 d5 2. d4 Nf6 3. Bf4 e6 4. e3 c5 5. c3 Nc6 6. Nbd2 Bd6 7. Ne5 Qc7 8. Ndf3 cxd4 9. exd4 Ne4 10. Bb5 O-O 11. Bg3 f6 12. Nxc6 Nxg3 13. Ne7+ Qxe7 14. hxg3 Bd7 15. Bd3 g6 16. Qd2 Rf7 17. Qh6 Rg7 18. Nh4 g5 19. Nf3 g4 20. Nd2 f5 21. O-O-O Rg6 22. Qe3 Rc8 23. Kb1 b5 24. Rh5 a5 25. Rdh1 Rg7 26. f3 Rf8 27. fxg4 Rxg4 28. Nf3 Rf7 29. Ne5 Bxe5 30. Qxe5 Rfg7 31. R1h3 Qe8 32. R5h4 R4g5 33. Qf6 Qe7 34. Qe5 Qe8 35. Qf6 R5g6 36. Qe5 Qc8 37. a3 Be8 38. Rh6 Qc7 39. Qxc7 Rxc7 40. Kc2 b4 41. axb4 axb4 42. Rxg6+ hxg6 43. Rh1 Kg7 44. Ra1 Kf6 45. Kd2 bxc3+ 46. bxc3 Kg5 47. Be2 Rb7 48. Kc2 Kf6 49. Ra8 Bf7 50. Ra6 Rc7 51. Kb3 Rb7+ 52. Kc2 Rd7 53. g4 f4 54. Kd3 g5 55. Bf3 Bg6+ 56. Kd2 Be4 57. c4 dxc4 58. Kc3 Bb7 59. Bxb7 Rxb7 60. d5 Rb3+ 61. Kxc4 Rb2 62. Rxe6+ Kf7 63. Re5 Rc2+ 64. Kd3 Rxg2 65. Rxg5 f3 66. Rf5+ Ke7 67. g5 Kd6 68. Ke3 f2 69. Ke2 Rg1 70. Kxf2 Rg4 71. Kf3 Rg1 72. Kf4 Rg2 73. Ke4 Rg4+ 74. Kf3 Rg1 75. Kf4 Rg2 76. Rf6+ Kxd5 77. Kf5 Rf2+ 78. Kg6 Rg2 79. Rf1 Ke6 80. Re1+ Kd7 81. Kf6 Rf2+ 82. Kg7 Rg2 83. g6 Rg3 84. Kf7 Rf3+ 85. Kg8 Rg3 86. g7 Rg2 87. Re4 Kd6 88. Kf7 Rf2+ 89. Kg6 Rg2+ 90. Kf6 Kd5 91. Re5+ Kd6 92. Rg5 1-0

[Event "WY U-16 Chess Olympiad 2019"]
[Site "Corum"]
[Date "2019.10.29"]
[Round "1"]
[White "Laohawirapap, Prin"]
[Black "Gombocz, Ferenc Jr."]
[Result "0-1"]
[WhiteElo "1774"]
[BlackElo "2200"]
[Annotator "ChessBase"]
[PlyCount "96"]
[EventDate "2019.10.28"]
[EventType "team-tourn"]
[EventCountry "TUR"]
[SourceTitle "playchess.com"]
[Source "ChessBase"]
[SourceQuality "1"]

1. e4 e5 2. Nf3 Nc6 3. d4 exd4 4. Nxd4 Bb4+ 5. c3 Bc5 6. Be3 Bb6 7. Nf5 Bxe3 8. Nxe3 Nf6 9. f3 O-O 10. Qd2 Re8 11. c4 d6 12. Nc3 Be6 13. O-O-O a6 14. g4 Ne5 15. Qf2 b5 16. g5 Nh5 17. f4 Nxc4 18. f5 Qxg5 19. Bxc4 Bxc4 20. Rhg1 Qf4 21. Qxf4 Nxf4 22. Nxc4 bxc4 23. Rd4 Nd3+ 24. Kc2 Ne5 25. Rdd1 Kf8 26. Nd5 Ra7 27. Rg3 Rd8 28. Rdg1 c6 29. Nf4 g6 30. Rh3 Kg8 31. Nh5 Nd7 32. Nf4 Nf6 33. fxg6 hxg6 34. Nxg6 fxg6 35. Rxg6+ Kf7 36. Rhh6 Ne8 37. Kc3 Re7 38. Rh7+ Kxg6 39. Rxe7 Kf6 40. Ra7 Ke5 41. Rxa6 d5 42. exd5 cxd5 43. Rh6 d4+ 44. Kd2 Nf6 45. h4 Ne4+ 46. Kd1 d3 47. Rh5+ Kf4 48. Rh7 Rg8 0-1

[Event "WY U-16 Chess Olympiad 2019"]
[Site "Corum"]
[Date "2019.10.29"]
[Round "1"]
[White "Ding, Dao En"]
[Black "Tarasenka, Aliaksandra"]
[Result "1/2-1/2"]
[WhiteElo "1731"]
[BlackElo "2142"]
[Annotator "ChessBase"]
[PlyCount "70"]
[EventDate "2019.10.28"]
[EventType "team-tourn"]
[EventCountry "TUR"]
[SourceTitle "playchess.com"]
[Source "ChessBase"]
[SourceQuality "1"]

1. d4 Nf6 2. Nf3 b6 3. Bg5 Ne4 4. Bf4 Bb7 5. Nbd2 d6 6. e3 Nd7 7. Nxe4 Bxe4 8. Bd3 Bb7 9. Qe2 g6 10. O-O Bg7 11. Ba6 Qc8 12. Bxb7 Qxb7 13. Rfd1 O-O 14. h3 Rad8 15. c3 Rfe8 16. Bg3 h6 17. Bh4 Rc8 18. Qb5 Nf6 19. Bxf6 Bxf6 20. Rd2 e5 21. dxe5 Bxe5 22. Qd5 c6 23. Qb3 d5 24. Nxe5 Rxe5 25. c4 dxc4 26. Qxc4 Qe7 27. Rad1 Rc7 28. Rd8+ Kg7 29. Qc3 Qc5 30. Qb3 Rce7 31. Qd3 Qb5 32. Qc3 Qc5 33. Qd3 Qb5 34. Qc3 Qc5 35. Qd3 Qb5 1/2-1/2

[Event "WY U-16 Chess Olympiad 2019"]
[Site "Corum"]
[Date "2019.10.29"]
[Round "1"]
[White "Kiripitige, Chathula"]
[Black "Svanda, Ondrej"]
[Result "0-1"]
[WhiteElo "1665"]
[BlackElo "2268"]
[Annotator "ChessBase"]
[PlyCount "62"]
[EventDate "2019.10.28"]
[EventType "team-tourn"]
[EventCountry "TUR"]
[SourceTitle "playchess.com"]
[Source "ChessBase"]
[SourceQuality "1"]

1. e4 c5 2. Nf3 e6 3. d4 cxd4 4. Nxd4 Nf6 5. Nc3 d6 6. Be3 a6 7. f3 b5 8. Qd2 Nbd7 9. g4 Nb6 10. h4 Bb7 11. h5 Rc8 12. Qf2 Nfd7 13. Bd3 Nc4 14. Nd1 Nde5 15. b3 Qa5+ 16. Bd2 Nxd2 17. Qxd2 Qb6 18. Be2 d5 19. exd5 Bxd5 20. c3 Bc5 21. Qf4 Bxd4 22. cxd4 Nc6 23. Rc1 O-O 24. h6 Qxd4 25. Qg5 g6 26. Nf2 Qe5 27. Qd2 Nd4 28. Nd3 Rxc1+ 29. Kf2 Qxe2+ 30. Qxe2 Nxe2 31. Nxc1 Nd4 0-1

[Event "WY U-16 Chess Olympiad 2019"]
[Site "Corum"]
[Date "2019.10.29"]
[Round "1"]
[White "Burbach, Brunel Baron"]
[Black "Ajay Karthikeyan"]
[Result "0-1"]
[WhiteElo "1642"]
[BlackElo "2214"]
[Annotator "ChessBase"]
[PlyCount "74"]
[EventDate "2019.10.28"]
[EventType "team-tourn"]
[EventCountry "TUR"]
[SourceTitle "playchess.com"]
[Source "ChessBase"]
[SourceQuality "1"]

1. e4 c5 2. Nf3 d6 3. Bb5+ Bd7 4. Bxd7+ Qxd7 5. O-O Nc6 6. c3 Nf6 7. Re1 e6 8. d4 cxd4 9. cxd4 d5 10. exd5 Nxd5 11. Nc3 Be7 12. Ne5 Nxe5 13. dxe5 Nxc3 14. Qxd7+ Kxd7 15. bxc3 Rhd8 16. Be3 Kc6 17. f4 Rd3 18. Bd4 Bc5 19. Red1 Bxd4+ 20. cxd4 Rxd1+ 21. Rxd1 Rc8 22. Rc1+ Kd7 23. Rb1 b6 24. a4 Rc4 25. a5 Kc6 26. axb6 axb6 27. Kf2 Rxd4 28. Ke3 Rd5 29. g4 b5 30. Ke4 Rd2 31. h4 Rc2 32. f5 Rc4+ 33. Kf3 b4 34. h5 Kd5 35. f6 g5 36. hxg6 hxg6 37. Re1 g5 0-1

[Event "WY U-16 Chess Olympiad 2019"]
[Site "Corum"]
[Date "2019.10.29"]
[Round "1"]
[White "Vithanage, I A"]
[Black "Lin, Yi"]
[Result "0-1"]
[WhiteElo "1600"]
[BlackElo "2425"]
[Annotator "TA"]
[PlyCount "66"]
[EventDate "2019.10.28"]
[EventType "team-tourn"]
[EventCountry "TUR"]
[SourceTitle "playchess.com"]
[Source "ChessBase"]
[SourceQuality "1"]

1. e4 c5 2. Nf3 e6 3. d4 cxd4 4. Nxd4 Nc6 5. Nc3 Qc7 6. Be3 a6 7. a3 b5 8. Nb3 Nf6 9. Bd3 Ne5 10. O-O Neg4 11. g3 Nxe3 12. fxe3 Bb7 13. Qe2 Bd6 14. Nd4 Be5 15. Rad1 O-O 16. Rf2 Qb6 17. Qf3 Rac8 18. Nde2 b4 19. axb4 Qxb4 20. Rff1 Bxc3 21. Nxc3 Qxb2 22. Rb1 Qxc3 23. Rxb7 a5 24. Qf4 e5 25. Qf5 Qd2 26. Qf3 h6 27. g4 Rc6 28. h3 Ra8 29. Rb5 a4 30. Rxe5 a3 31. Rb5 a2 32. Ra1 Qc3 33. Qf1 Rc5 0-1

[Event "WY U-16 Chess Olympiad 2019"]
[Site "Corum"]
[Date "2019.10.29"]
[Round "1"]
[White "Taban, Yagiz"]
[Black "Sismeiro, Miguel"]
[Result "1/2-1/2"]
[WhiteElo "1591"]
[BlackElo "2113"]
[Annotator "ChessBase"]
[PlyCount "83"]
[EventDate "2019.10.28"]
[EventType "team-tourn"]
[EventCountry "TUR"]
[SourceTitle "playchess.com"]
[Source "ChessBase"]
[SourceQuality "1"]

1. e4 c5 2. Nf3 e6 3. d4 cxd4 4. Nxd4 Nc6 5. Nc3 Qc7 6. f4 a6 7. Nxc6 bxc6 8. Bd3 d5 9. O-O Nf6 10. Kh1 Be7 11. Qe2 Bb7 12. Bd2 Nd7 13. Rae1 Nc5 14. f5 d4 15. Nb1 Nxd3 16. cxd3 e5 17. Qg4 Bf6 18. Na3 a5 19. Nc4 Ke7 20. Rc1 Rhb8 21. Qd1 c5 22. g4 h6 23. Qe1 Bg5 24. Bxa5 Rxa5 25. Qxa5 Qxa5 26. Nxa5 Bxc1 27. Rxc1 Ba8 28. Rxc5 Rxb2 29. Rc8 Bxe4+ 30. dxe4 Rxa2 31. Nc4 d3 32. Rc7+ Kf6 33. Rd7 Rc2 34. Ne3 Re2 35. Rxd3 Kg5 36. Ng2 Rxe4 37. h3 g6 38. Rf3 h5 39. fxg6 fxg6 40. Ne3 Ra4 41. gxh5 Kxh5 42. Rg3 1/2-1/2

[Event "WY U-16 Chess Olympiad 2019"]
[Site "Corum"]
[Date "2019.10.29"]
[Round "1"]
[White "Dinham, James"]
[Black "Demchenko, Svitlana"]
[Result "0-1"]
[WhiteElo "1589"]
[BlackElo "1953"]
[Annotator "NA"]
[PlyCount "74"]
[EventDate "2019.10.28"]
[EventType "team-tourn"]
[EventCountry "TUR"]
[SourceTitle "playchess.com"]
[Source "ChessBase"]
[SourceQuality "1"]

1. e4 Nf6 2. e5 Nd5 3. d4 d6 4. exd6 cxd6 5. Bd3 Nc6 6. Ne2 g6 7. O-O Bg7 8. c3 O-O 9. Re1 e5 10. dxe5 dxe5 11. b3 Be6 12. Bb2 Qd7 13. Be4 Rfd8 14. c4 Ndb4 15. Qxd7 Rxd7 16. a3 Nd3 17. Bxd3 Rxd3 18. Nbc3 Na5 19. Nc1 Rd2 20. Na4 b5 21. Bc3 Rc2 22. cxb5 Nxb3 23. Rb1 Nd4 24. Bxd4 exd4 25. Nd3 Ra2 26. Nb4 Rxa3 27. Nc5 Bf5 28. Rbc1 d3 29. Red1 d2 30. Rxd2 Bh6 31. Rdd1 Bxc1 32. Rxc1 Rb8 33. g4 Be6 34. Nxe6 fxe6 35. Rc5 Rb3 36. Nc6 R8xb5 37. Rxb5 Rxb5 0-1

[Event "WY U-16 Chess Olympiad 2019"]
[Site "Corum"]
[Date "2019.10.29"]
[Round "1"]
[White "Jingjang, Shin"]
[Black "Lakshmi, Chidambaram"]
[Result "0-1"]
[WhiteElo "1584"]
[BlackElo "1859"]
[Annotator "NA"]
[PlyCount "64"]
[EventDate "2019.10.28"]
[EventType "team-tourn"]
[EventCountry "TUR"]
[SourceTitle "playchess.com"]
[Source "ChessBase"]
[SourceQuality "1"]

1. d4 Nf6 2. Nf3 g6 3. Bg5 Bg7 4. Nbd2 O-O 5. e4 d5 6. exd5 Nxd5 7. c3 h6 8. Bh4 Bf5 9. Qb3 Nb6 10. Be2 a5 11. a4 N8d7 12. c4 c6 13. O-O g5 14. Bg3 c5 15. d5 Bg6 16. Bd1 f5 17. Bc2 Bh7 18. h3 Ra6 19. Nb1 Nc8 20. Nc3 Nd6 21. Rfe1 f4 22. Bh2 Bxc2 23. Qxc2 Nxc4 24. b3 Nce5 25. Nxe5 Bxe5 26. Rad1 Qe8 27. g3 Qh5 28. gxf4 gxf4 29. Rd3 Rg6+ 30. Kh1 f3 31. Rg1 Rxg1+ 32. Kxg1 Qxh3 0-1

[Event "WY U-16 Chess Olympiad 2019"]
[Site "Corum"]
[Date "2019.10.29"]
[Round "1"]
[White "Babayeva, Nasrin"]
[Black "Sarzhanov, Chingizkhan"]
[Result "0-1"]
[WhiteElo "1547"]
[BlackElo "2069"]
[Annotator "NA"]
[PlyCount "90"]
[EventDate "2019.10.28"]
[EventType "team-tourn"]
[EventCountry "TUR"]
[SourceTitle "playchess.com"]
[Source "ChessBase"]
[SourceQuality "1"]

1. c4 Nf6 2. Nf3 c5 3. d4 cxd4 4. Nxd4 Nc6 5. Nc3 g6 6. g3 Bg7 7. Bg2 O-O 8. O-O d6 9. Nxc6 bxc6 10. Bxc6 Bh3 11. Bg2 Qc8 12. Qd3 Bxg2 13. Kxg2 Qb7+ 14. Qf3 Qxf3+ 15. Kxf3 Rfc8 16. Be3 Rxc4 17. Rfc1 Ng4 18. Nd5 e6 19. Ne7+ Kf8 20. Nc6 Nxe3 21. Kxe3 Rxc1 22. Rxc1 Bxb2 23. Rb1 Ba3 24. Rb7 Bc5+ 25. Kf3 a5 26. Nb8 Ba3 27. h4 a4 28. g4 h6 29. Nd7+ Kg7 30. Nb6 Ra6 31. Nc4 Bc5 32. Rc7 a3 33. Ne5 Ra7 34. Rxa7 Bxa7 35. Nd3 Kf6 36. e3 e5 37. e4 Ke6 38. Ke2 f5 39. f3 d5 40. exd5+ Kxd5 41. Kd2 fxg4 42. fxg4 Ke4 43. Kc2 Bd4 44. Ne1 Bf2 45. Nd3 Bxh4 0-1

[Event "WY U-16 Chess Olympiad 2019"]
[Site "Corum"]
[Date "2019.10.29"]
[Round "1"]
[White "Magzumov, Damirali"]
[Black "Alvarez Angel, Nelson Eduardo"]
[Result "0-1"]
[WhiteElo "1522"]
[BlackElo "1974"]
[Annotator "NA"]
[PlyCount "44"]
[EventDate "2019.10.28"]
[EventType "team-tourn"]
[EventCountry "TUR"]
[SourceTitle "playchess.com"]
[Source "ChessBase"]
[SourceQuality "1"]

1. e4 c5 2. Nf3 d6 3. d4 cxd4 4. Nxd4 Nf6 5. Nc3 a6 6. Bg5 e6 7. f4 Be7 8. Qf3 Qc7 9. O-O-O Nbd7 10. g4 b5 11. Bxf6 Nxf6 12. g5 Nd7 13. f5 Ne5 14. Qh5 b4 15. Nce2 g6 16. fxg6 fxg6 17. Qh3 Bxg5+ 18. Kb1 Qe7 19. Qb3 Ng4 20. h4 Bh6 21. Qxb4 Nf2 22. Nc6 Qc7 0-1

[Event "WY U-16 Chess Olympiad 2019"]
[Site "Corum"]
[Date "2019.10.29"]
[Round "1"]
[White "Abdikani Nor, Mohamed"]
[Black "Ceres, Dragos"]
[Result "0-1"]
[WhiteElo "1518"]
[BlackElo "2302"]
[Annotator "ChessBase"]
[PlyCount "64"]
[EventDate "2019.10.28"]
[EventType "team-tourn"]
[EventCountry "TUR"]
[SourceTitle "playchess.com"]
[Source "ChessBase"]
[SourceQuality "1"]

1. c4 e5 2. Nc3 Nf6 3. g3 c6 4. e4 Bb4 5. Bg2 O-O 6. Nge2 d6 7. O-O a5 8. d3 Bc5 9. Rb1 Be6 10. a3 Na6 11. Na4 Ba7 12. Be3 Bxe3 13. fxe3 b5 14. cxb5 cxb5 15. Nac3 b4 16. Nd5 Bxd5 17. exd5 Ng4 18. Qd2 Qg5 19. Rf3 Nc5 20. d4 exd4 21. Nxd4 Ne5 22. Rf4 g6 23. Rbf1 Rae8 24. Qc2 Ned3 25. R4f3 a4 26. Qd2 bxa3 27. bxa3 Ne5 28. Rf4 Nc4 29. Qa2 Nxe3 30. Rb1 Nxg2 31. Qxg2 Nd3 32. Rf3 Ne1 0-1

[Event "WY U-16 Chess Olympiad 2019"]
[Site "Corum"]
[Date "2019.10.29"]
[Round "1"]
[White "Louw, Carlo"]
[Black "Slaba, Andrea"]
[Result "0-1"]
[WhiteElo "1518"]
[BlackElo "1907"]
[Annotator "NA"]
[PlyCount "90"]
[EventDate "2019.10.28"]
[EventType "team-tourn"]
[EventCountry "TUR"]
[SourceTitle "playchess.com"]
[Source "ChessBase"]
[SourceQuality "1"]

1. e4 e5 2. Nf3 Nc6 3. Bc4 Nf6 4. d4 exd4 5. Nxd4 Ne5 6. Bb3 d6 7. Nc3 Be7 8. h3 O-O 9. Be3 c5 10. Nf5 Bxf5 11. exf5 c4 12. Ba4 a6 13. f4 Nc6 14. Qf3 d5 15. Bxc6 bxc6 16. Bd4 Bb4 17. O-O-O Rb8 18. g4 Bxc3 19. Qxc3 Ne4 20. Qa3 Rb5 21. Rhe1 Ra5 22. Qb4 Rxa2 23. Rxe4 Ra1+ 24. Kd2 Rxd1+ 25. Kxd1 dxe4 26. Qc5 Qd5 27. Ke2 Rd8 28. Ke3 Qxc5 29. Bxc5 f6 30. Bb4 Rd1 31. Kxe4 Rh1 32. Kd4 Rxh3 33. Kxc4 Rg3 34. Kc5 Rxg4 35. Kxc6 Rxf4 36. Bd6 Rc4+ 37. Kb6 Rxc2 38. b4 Ra2 39. Bf4 h5 40. Bg3 Ra4 41. Kc5 Ra3 42. Be1 Kf7 43. Kd4 g6 44. fxg6+ Kxg6 45. Bc3 h4 0-1

[Event "WY U-16 Chess Olympiad 2019"]
[Site "Corum"]
[Date "2019.10.29"]
[Round "1"]
[White "Lee, Dariya"]
[Black "Terziev, Dimo"]
[Result "0-1"]
[WhiteElo "1423"]
[BlackElo "2098"]
[Annotator "NA"]
[PlyCount "83"]
[EventDate "2019.10.28"]
[EventType "team-tourn"]
[EventCountry "TUR"]
[SourceTitle "playchess.com"]
[Source "ChessBase"]
[SourceQuality "1"]

1. c4 e5 2. Nc3 Nf6 3. g3 Bb4 4. Bg2 O-O 5. d3 Re8 6. a3 Bxc3+ 7. bxc3 e4 8. d4 d6 9. Bg5 h6 10. Bxf6 Qxf6 11. e3 Nd7 12. Ne2 c5 13. Qa4 Qe7 14. Rb1 Nb6 15. Rxb6 Bd7 16. Rxb7 Bxa4 17. Rxe7 Rxe7 18. Nf4 f5 19. Bh3 Rf7 20. O-O g5 21. Nd5 Kg7 22. g4 f4 23. exf4 gxf4 24. Rb1 Bc2 25. Rb2 Bd3 26. g5 hxg5 27. Be6 Raf8 28. dxc5 dxc5 29. Bxf7 Rxf7 30. Rb5 Bxc4 31. Rxc5 Bxd5 32. Rxd5 Kf6 33. c4 g4 34. Kg2 Ke6 35. Rg5 f3+ 36. Kf1 Rb7 37. Rb5 Rc7 38. c5 Kd5 39. c6+ Kd4 40. Rb4+ Kd5 41. Rb5+ Kd6 42. Rb4 0-1

[Event "WY U-16 Chess Olympiad 2019"]
[Site "Corum"]
[Date "2019.10.29"]
[Round "1"]
[White "Cheng, Amanda"]
[Black "Vojta, Jakub"]
[Result "0-1"]
[WhiteElo "1420"]
[BlackElo "2134"]
[Annotator "ChessBase"]
[PlyCount "42"]
[EventDate "2019.10.28"]
[EventType "team-tourn"]
[EventCountry "TUR"]
[SourceTitle "playchess.com"]
[Source "ChessBase"]
[SourceQuality "1"]

1. e4 e6 2. d4 d5 3. Nc3 Nf6 4. e5 Nfd7 5. f4 c5 6. Nf3 Nc6 7. Be3 cxd4 8. Nxd4 Bc5 9. Ncb5 O-O 10. Be2 Qb6 11. a4 a6 12. a5 Nxa5 13. Nd6 Nc6 14. Nxc6 Bxe3 15. Ne7+ Kh8 16. g3 Nc5 17. Nexc8 Raxc8 18. Nxc8 Rxc8 19. Ra3 Ne4 20. Qd3 Bd2+ 21. Kd1 Qxb2 0-1

[Event "WY U-16 Chess Olympiad 2019"]
[Site "Corum"]
[Date "2019.10.29"]
[Round "1"]
[White "Claassen, Anke"]
[Black "Ravlusevic, Evelina"]
[Result "0-1"]
[WhiteElo "1295"]
[BlackElo "1762"]
[Annotator "NA"]
[PlyCount "104"]
[EventDate "2019.10.28"]
[EventType "team-tourn"]
[EventCountry "TUR"]
[SourceTitle "playchess.com"]
[Source "ChessBase"]
[SourceQuality "1"]

1. e4 c5 2. Nc3 e6 3. f4 d5 4. Nf3 d4 5. Ne2 Bd7 6. d3 Bc6 7. Ng3 Nd7 8. Be2 Bd6 9. O-O Ne7 10. Qe1 O-O 11. c3 e5 12. f5 f6 13. c4 b5 14. b3 a5 15. cxb5 Bxb5 16. a4 Ba6 17. Nh4 Rb8 18. Rb1 Nc6 19. Bd2 Nb4 20. Bxb4 Rxb4 21. Nh5 Qe7 22. Rf3 Rf7 23. Rg3 Qd8 24. Rg4 Bf8 25. Qg3 Qb8 26. Bd1 Qe8 27. Qf3 c4 28. dxc4 Bxc4 29. Be2 Bxe2 30. Qxe2 Qd8 31. Rg3 Qb6 32. Kh1 Nc5 33. Qd1 Nxe4 34. Rf3 Nc3 35. Rxc3 dxc3 36. Qe1 Rxb3 37. Rxb3 Qxb3 38. Ng3 c2 39. Ne2 Qb1 40. Nf3 Rd7 41. Qxb1 cxb1=Q+ 42. Nfg1 Rd1 43. h3 Bc5 44. Kh2 Bxg1+ 45. Nxg1 Rxg1 46. Kg3 Qe1+ 47. Kf3 e4+ 48. Kf4 Rf1+ 49. Kg4 Qe2+ 50. Kh4 Qf2+ 51. Kg4 Qf4+ 52. Kh5 Qg5# 0-1

[Event "WY U-16 Chess Olympiad 2019"]
[Site "Corum"]
[Date "2019.10.29"]
[Round "1"]
[White "Bester, Carla"]
[Black "Stremavicius, Pijus"]
[Result "0-1"]
[WhiteElo "1260"]
[BlackElo "2230"]
[Annotator "ChessBase"]
[PlyCount "96"]
[EventDate "2019.10.28"]
[EventType "team-tourn"]
[EventCountry "TUR"]
[SourceTitle "playchess.com"]
[Source "ChessBase"]
[SourceQuality "1"]

1. e4 d6 2. d4 Nf6 3. Nc3 g6 4. Nf3 Bg7 5. Be3 O-O 6. h3 c6 7. Qd2 b5 8. Bh6 b4 9. Ne2 Nxe4 10. Qe3 d5 11. Bxg7 Kxg7 12. Ng3 Nxg3 13. Qe5+ f6 14. Qxg3 Qd6 15. Qxd6 exd6 16. O-O-O Ba6 17. Re1 Kf7 18. Nd2 Bxf1 19. Rhxf1 a5 20. Re3 Re8 21. Rxe8 Kxe8 22. Re1+ Kd7 23. Re3 Na6 24. Kd1 Nc7 25. a4 bxa3 26. Rxa3 a4 27. Nf3 Nb5 28. Ra1 c5 29. dxc5 dxc5 30. Kd2 Kd6 31. Kd3 c4+ 32. Kd2 Kc5 33. c3 Nd6 34. Nd4 Ne4+ 35. Ke3 a3 36. bxa3 Nxc3 37. Ne6+ Kd6 38. Nd4 Re8+ 39. Kd2 Ne4+ 40. Ke1 Kc5 41. Nc2 d4 42. Nb4 d3 43. Na6+ Kd4 44. Nc7 Re7 45. Nb5+ Kc5 46. a4 Nc3+ 47. Kd2 Re2+ 48. Kxc3 Rc2# 0-1